Normal view
MARC view
- Gibson, Clark
Entry Personal Name
001 - CONTROL NUMBER
- control field: 4401
003 - CONTROL NUMBER IDENTIFIER
- control field: CBULib
005 - DATE AND TIME OF LATEST TRANSACTION
- control field: 20250211072956.0
008 - FIXED-LENGTH DATA ELEMENTS
- fixed length control field: 250211|| aca||aabn | a|a d
040 ## - CATALOGING SOURCE
- Original cataloging agency: CBULib
100 ## - HEADING--PERSONAL NAME
- Personal name: Gibson, Clark
- Titles and other words associated with a name: 1961-